MARC details
| 000 -CABECERA |
| campo de control de longitud fija |
06060nam a2200421 a 4500 |
| 003 - IDENTIFICADOR DEL NÚMERO DE CONTROL |
| campo de control |
CHAP |
| 005 - FECHA Y HORA DE LA ÚLTIMA TRANSACCIÓN |
| campo de control |
20240613093900.0 |
| 007 - CAMPO FIJO DE DESCRIPCIÓN FÍSICA--INFORMACIÓN GENERAL |
| campo de control de longitud fija |
ta |
| 008 - DATOS DE LONGITUD FIJA--INFORMACIÓN GENERAL |
| campo de control de longitud fija |
240613s2021 mx abdofom||| 001 0 spa d |
| 040 ## - FUENTE DE LA CATALOGACIÓN |
| Normas de descripción |
rda |
| 041 0# - CÓDIGO DE LENGUA |
| Código de lengua del texto/banda sonora o título independiente |
spa |
| Código de lengua del sumario o resumen |
eng |
| 100 1# - ENTRADA PRINCIPAL--NOMBRE DE PERSONA |
| 9 (RLIN) |
189203 |
| Nombre de persona |
Fonseca Salvador, Romy Sinahi |
| 240 10 - TÍTULO UNIFORME |
| Título uniforme |
Feasibility study to establish a garlic packaging plant (Allium Sativum) in the municipality of San Gabriel Chilac, Puebla. |
| Lenguaje de la obra |
Español |
| 245 13 - MENCIÓN DE TÍTULO |
| Título |
Estudio de factibilidad para establecer una empacadora de ajo (Allium Sativum) en el municipio de San Gabriel Chilac, Puebla / |
| Mención de responsabilidad, etc. |
Romy Sinahi Fonseca Salvador y Williams Del Carmen Mendoza Espinosa |
| 264 #0 - PRODUCCIÓN, PUBLICACIÓN, DISTRIBUCIÓN, FABRICACIÓN Y COPYRIGHT |
| Producción, publicación, distribución, fabricación y copyright |
Chapingo, México : |
| Nombre del de productor, editor, distribuidor, fabricante |
El autor, |
| Fecha de producción, publicación, distribución, fabricación o copyright |
2021 |
| 300 ## - DESCRIPCIÓN FÍSICA |
| Extensión |
1 recurso en línea ( xi, 119 páginas) : |
| Otras características físicas |
ilustraciones, tablas, diagramas, gráficas, mapas, fotos |
| 336 ## - TIPO DE CONTENIDO |
| Fuente |
rdacontent |
| Término de tipo de contenido |
texto |
| Código de tipo de contenido |
txt |
| 337 ## - TIPO DE MEDIO |
| Fuente |
rdamedia |
| Nombre/término del tipo de medio |
computadora |
| Código del tipo de medio |
c |
| 338 ## - TIPO DE SOPORTE |
| Fuente |
rdacarrier |
| Nombre/término del tipo de soporte |
recurso en línea |
| Código del tipo de soporte |
cr |
| 502 ## - NOTA DE TESIS |
| Nota de tesis |
Formulación y Evaluación De Proyectos |
| Tipo de título |
(Ingeniero Agroindustrial) -- |
| Nombre de la institución que otorga el título |
Departamento de Ingeniería Agroindustrial, |
| Año de obtención del título |
2021 |
| Información miscelánea |
Licenciatura |
| 504 ## - NOTA DE BIBLIOGRAFÍA, ETC. |
| Nota de bibliografía, etc. |
Bibliografía: 109-114 páginas |
| 520 3# - SUMARIO, ETC. |
| Sumario, etc. |
El presente proyecto es un estudio de factibilidad para establecer una empacadora de ajo en el municipio de San Gabriel Chilac, Puebla. Este estudio se realizó determinando la factibilidad comercial, organizativa, en el abasto, técnica y financiera de la empacadora, así como el impacto ambiental y social que se tendría durante la operación del proyecto. Esta propuesta surge como una alternativa de venta y comercialización del ajo de San Gabriel Chilac, ya que en la actualidad la producción es acaparada por intermediarios que subvaloran el precio del producto. La baja rentabilidad del cultivo se identificó como el problema principal del Sistema-Producto Ajo, una de las consecuencias de este problema es la migración de sus pobladores hacia el norte del país y USA en busca de mejores ingresos económicos. Para el establecimiento de la empacadora se estima abarcar una producción de 43 ha de cultivo, equivalentes al 15% de la superficie local sembrada, de las cuales se obtienen 350 toneladas de ajo, considerando un rendimiento de 8.2 t/ha. Finalmente, se determinó que la inversión requerida para la implementación del proyecto es de $ 8,001,898.00, se obtuvo una TIR de 36%, la relación Beneficio/Costo de 1.07 y un VAN de $ 8,099,041.86, esto indica que los rendimientos a obtener serán favorables, por lo que financieramente es viable implementar este proyecto. Asimismo, la capacidad de pago es superior a 2 puntos, por lo que el proyecto puede solventar el pago de un crédito bancario de avío y refaccionario. El establecimiento de la empacadora implica un impacto ambiental medianamente bajo, así como un impacto social alto, por lo que se obtienen mayores beneficios que desventajas en su implementación, entre los beneficios que obtendrían los productores, si se pone en marcha este proyecto, se destaca la garantía de compra de producción, mejora en precios de venta, mejor acceso a insumos agrícolas, asesoría técnica capacitada, acceso a programas de capacitación de calidad, inocuidad y sanidad vegetal. |
| 520 3# - SUMARIO, ETC. |
| Sumario, etc. |
This project is a feasibility study to establish a garlic packing plant in the municipality of San Gabriel Chilac, Puebla. This study was carried out determining the commercial, organizational, supply, technical and financial feasibility of the packing plant, as well as the environmental and social impact that it would have during the operation of the project. This proposal arises as an alternative for the sale and commercialization of garlic from San Gabriel Chilac, since at present the production is hoard by intermediaries who undervalue the price of the product. The low profitability of the crop was identified as the main problem of the Garlic Product-System, one of the consequences of this problem is the migration of its inhabitants to the north of the country and the USA in search of better economic income. For the establishment of the packing plant, it is estimated to cover a production of 43 ha of cultivation, equivalent to 15% of the local planted area, of which 350 tons of garlic are obtained, considering a yield of 8.2 t/ha. Finally, it was determined that the investment required for the implementation of the project is $ 8,001,898.00, an IRR of 36%, the Benefit / Cost ratio of 1.07 and a NPV of $ 8,099,041.86 were obtained, this indicates that the returns to be obtained will be favorable, therefore making it financially viable to implement this project. Likewise, the payment capacity is greater than 2 points, for this reason the project can pay for the payment of a bank loan to acquire fixed assets and working capital. The establishment of the packing plant implies a moderately low environmental impact, as well as a high social impact, so that more benefits are obtained than disadvantages in its implementation, among the benefits that producers would obtain, if this project is started, it stands out the guarantee of purchase of production, improvement in sales prices, better access to agricultural inputs, trained technical advice, access to quality training programs, food safety and plant health. |
| 650 13 - PUNTO DE ACCESO ADICIONAL DE MATERIA--TÉRMINO DE MATERIA |
| Fuente del encabezamiento o término |
atg |
| 9 (RLIN) |
3170 |
| Término de materia o nombre geográfico como elemento de entrada |
Ajo |
| Subdivisión general |
Plantas empacadoras |
| 650 13 - PUNTO DE ACCESO ADICIONAL DE MATERIA--TÉRMINO DE MATERIA |
| Fuente del encabezamiento o término |
atg |
| 9 (RLIN) |
3170 |
| Término de materia o nombre geográfico como elemento de entrada |
Ajo |
| Subdivisión general |
Calidad del producto |
| 650 13 - PUNTO DE ACCESO ADICIONAL DE MATERIA--TÉRMINO DE MATERIA |
| Fuente del encabezamiento o término |
atg |
| 9 (RLIN) |
58836 |
| Término de materia o nombre geográfico como elemento de entrada |
Inocuidad alimentaria |
| 650 13 - PUNTO DE ACCESO ADICIONAL DE MATERIA--TÉRMINO DE MATERIA |
| Fuente del encabezamiento o término |
atg |
| 9 (RLIN) |
148031 |
| Término de materia o nombre geográfico como elemento de entrada |
Iniciativa empresarial |
| 650 13 - PUNTO DE ACCESO ADICIONAL DE MATERIA--TÉRMINO DE MATERIA |
| Fuente del encabezamiento o término |
atg |
| 9 (RLIN) |
147924 |
| Término de materia o nombre geográfico como elemento de entrada |
Garlic |
| Subdivisión general |
Packing houses |
| 650 13 - PUNTO DE ACCESO ADICIONAL DE MATERIA--TÉRMINO DE MATERIA |
| Fuente del encabezamiento o término |
atg |
| 9 (RLIN) |
147924 |
| Término de materia o nombre geográfico como elemento de entrada |
Garlic |
| Subdivisión general |
Product quality |
| 650 13 - PUNTO DE ACCESO ADICIONAL DE MATERIA--TÉRMINO DE MATERIA |
| Fuente del encabezamiento o término |
atg |
| 9 (RLIN) |
148388 |
| Término de materia o nombre geográfico como elemento de entrada |
Food safety |
| 650 13 - PUNTO DE ACCESO ADICIONAL DE MATERIA--TÉRMINO DE MATERIA |
| Fuente del encabezamiento o término |
atg |
| 9 (RLIN) |
148030 |
| Término de materia o nombre geográfico como elemento de entrada |
Entrepreneurship |
| 700 1# - PUNTO DE ACCESO ADICIONAL--NOMBRE DE PERSONA |
| 9 (RLIN) |
189206 |
| Nombre de persona |
Mendoza Espinosa, Williams Del Carmen |
| Término indicativo de función/relación |
autor |
| 700 1# - PUNTO DE ACCESO ADICIONAL--NOMBRE DE PERSONA |
| 9 (RLIN) |
148600 |
| Nombre de persona |
Martínez Mosqueda, Francisco |
| Término indicativo de función/relación |
director |
| 700 1# - PUNTO DE ACCESO ADICIONAL--NOMBRE DE PERSONA |
| 9 (RLIN) |
161734 |
| Nombre de persona |
Ramayo Ramírez, José Orlando |
| Término indicativo de función/relación |
asesor |
| 700 1# - PUNTO DE ACCESO ADICIONAL--NOMBRE DE PERSONA |
| 9 (RLIN) |
151434 |
| Nombre de persona |
Szymanski Duque, Rosa Guadalupe |
| Término indicativo de función/relación |
asesora |
| 856 40 - LOCALIZACIÓN Y ACCESO ELECTRÓNICOS |
| Texto de enlace |
DESCARGAR PDF |
| Identificador Uniforme del Recurso |
http://10.13.5.2/tesis/tl/2021_IA_Fonseca_Salvador_RomySinahi-Mendoza_Espinosa_WilliamsdelCarmen.pdf |
| 942 ## - ELEMENTOS DE PUNTO DE ACCESO ADICIONAL (KOHA) |
| Fuente del sistema de clasificación o colocación |
Clasificación Universidad Autónoma Chapingo |
| Tipo de ítem Koha |
Tesis digital |